00825nam a2200241 i 450000100060000000300090000600500170001500700030003200800410003502000180007608000300009410000400012424500480016425000120021226000350022430000380025949000230029760000600032083000310038085200330041199900170044495201220046117617ES-MaACL20230910195802.0t|010410s2000 sp ||||1| spa d a84-08-03651-3 a929 Campoamor, Ramón de1 aLombardero Suárez, Manuel.97318410aCampoamor y su mundo / cManuel Lombardero. a1ª ed. aBarcelona : bPlaneta, c2000. a430 p., [8] p. de fot. ; c24 cm.1 aLa España plural14aCampoamor, Ramón de,d1817-1901-xBiografías9342330 aLa España plural9179753 aES-MaACLjL-24552 bR.129932 c17617d17617 00104070aATENEOMbATENEOMcDEPO2d2008-01-17eSCl0oL-24552p1017972r2023-02-23 00:00:00w2023-02-23yMONOGRAFIA